000 00637nam a22001937a 4500
008 170712b xxu||||| |||| 00| 0 eng d
020 _a971-08-4956-5
082 _21990
_aDC 371.102
_bOr6
100 _921136
_aOrnstein, Allan C
245 _aStrategies for effective teaching /
_cAllan C. Ornstein
260 _aNew York :
_bHarper & Row,
_cc1990
300 _axxii, 634 pages :
_billustrations ;
_c23 cm
500 _aIncludes bibliographical references.
650 0 _921137
_aTeaching
650 0 _921138
_aClassroom management
650 0 _921139
_aLesson planning
650 0 _921140
_aTeachers -- Training of
942 _2ddc
_cDC
999 _c6991
_d6991